000 00978nam a2200229 a 4500
001 60207
003 BD-RjUL
005 20211209080820.0
008 161229s1997 ii ||||| |||| 00| 0 ben d
020 _c: Tk. 175.00
035 _a(BD-RjUL)60331
040 _aBD-RjUL
_beng
_cBD-RjUL
041 _aeng
082 _223
_a330.9
_bKOW 1997
100 _aকৌটিল্য
_9175732
245 _aকৌটিলীয়ম্ অর্থশাস্ত্রম্ /
_cকৌটিল্য ; সম্পাদনা ও বঙ্গানুবাদ : মানবেন্দু বন্দ্যোপাধ্যায়
300 _a[১৮], ৬৪ পৃ. ;
_c২৩ সেমি.
650 _aঅর্থনীতি
_xইতিহাস
_9179245
650 _aEconomic
_xHistory
_9179246
700 _aবন্দ্যোপাধ্যায়, মানবেন্দু, সম্পাদক ও অনুবাদক
_9179247
942 _2ddc
_cBK
999 _c60207
_d60207